Process Control in Textile Manufacturing (Record no. 10624)

MARC details
000 -LEADER
fixed length control field 00457nam a22001817a 4500
003 - CONTROL NUMBER IDENTIFIER
control field OSt
008 - FIXED-LENGTH DATA ELEMENTS--GENERAL INFORMATION
fixed length control field 210410b ||||| |||| 00| 0 eng d
020 ## - INTERNATIONAL STANDARD BOOK NUMBER
International Standard Book Number 9780857090270
100 ## - MAIN ENTRY--PERSONAL NAME
Personal name MAJUMDAR,Abhijit
245 ## - TITLE STATEMENT
Title Process Control in Textile Manufacturing
260 ## - PUBLICATION, DISTRIBUTION, ETC. (IMPRINT)
Place of publication, distribution, etc New Delhi
Name of publisher, distributor, etc Woodhead Publishing Limited
Date of publication, distribution, etc 2013
300 ## - PHYSICAL DESCRIPTION
Extent 492
650 ## - SUBJECT ADDED ENTRY--TOPICAL TERM
Topical term or geographic name as entry element Textile
700 ## - ADDED ENTRY--PERSONAL NAME
Personal name DAS,Apurba
700 ## - ADDED ENTRY--PERSONAL NAME
Personal name ALAGIRUSAMY,R
700 ## - ADDED ENTRY--PERSONAL NAME
Personal name KOTHARI,VK
942 ## - ADDED ENTRY ELEMENTS (KOHA)
Source of classification or shelving scheme Dewey Decimal Classification
Koha item type Text Books
Holdings
Withdrawn status Lost status Source of classification or shelving scheme Damaged status Not for loan Collection code Home library Current library Date acquired Source of acquisition Currency Cost, normal purchase price Bill Number Total Checkouts Acc. no. / Barcode Date last seen Actual Cost, discounted price Bill Date Koha item type
    Dewey Decimal Classification     B.Tech(TE) PIET C-LIBRARY PIET C-LIBRARY 24/03/2021 Aakil Hussain 4393-4A 1st Floor Ansari road Darya Ganj Delhi IN Rupees 13009.00 DL1274886505-2021   32747 10/04/2021 13009.00 24/03/2021 Text Books

Design & Developed by: PIET Central Library
R70 Miles Stone Pattikalyana Samalkha Panipat 132102
mail ID :- [email protected], Phone No:- 0180-2569700 Ex.216